000 01024nam a22002417a 4500
005 20250623163802.0
010 _aB-768300-328 BACEN25
020 _a9789359982908
_c650.00
035 _aB-768300-328
037 _bPragati
082 _a000
100 _aSrivastava,pradeep
_982234
245 _aArihant The ultimate guide for BBA BBS BBM entrance examination 2025 /
_cBy Pradeep srivastava,& .et.all...
260 _aNew Delhi
_bArihant
_c2025
270 _a'Ramchhaya' 4577/15, Agarwal Road, Darya Ganj
_bNew Delhi
_e110002
300 _avarious pagings:
_bill.
_c27cm(pbk)
500 _awith 3500+ solved MCQs With solved papers 2024-19 & 3 crack sets
700 _aDixit,sanjeev
_977971
700 _aShushil singh
_977972
700 _aDeepali
_977973
942 _2ddc
_cEN
_h000
_mSRI
999 _c209334
_d209334